000
00275nam a22001217a 4500
008
181017b xxu||||| |||| 00| 0 eng d
041
_a
eng
080
_a
710
100
_a
44
101
_a
ART
245
_a
The Notebook Of Leonardo Dvinci
_c
Jean.p.R
942
_2
udc
_c
BK
999
_c
49962
_d
49962